LEADER 01608nam a2200325 u 4500 001 000000083238 003 CaOOAMICUS 005 20070226123940.0 008 050429s1988 sz a u000 u ger u 020 $a3727805676 (Universitätsverlag) 020 $a3525537093 (Vandenhoeck & Ruprecht) 035 $a11043739 040 $aPUL$bita 100 1 $aBrunner, Hellmut.$0(OLS)http://pul/name/55110 245 14$aDas hörende Herz :$bkleine Schriften zur Religions- und Geistesgeschichte Ägyptens /$cHellmut Brunner ; hrsg. von Wolfang Röllig. 260 $aFreiburg, Schweiz :$bUniversitätsverlag ;$aGöttingen :$bVandenhoeck & Ruprecht,$c1988. 300 $a427 p. :$bill. ;$c24 cm 490 1 $aOrbis biblicus et orientalis ;$v80 504 $aBibliografia in nota. 700 1 $aRöllig, Wolfgang.$0(OLS)http://pul/name/53178 830 0$aOrbis biblicus et orientalis ;$v80.$0(OLS)http://pul/title/14045 850 $aPUL 852 $aPUL$W1$xSL Religione 3$y85$m220. 05 Coll 1.80$j105929$nBK-PRI$qDDC 21$B105929$CPULBib$Z2$F105929 $HPUL97933 $82 941 1 $a9 983 0$aOBO. 996 $6020$a3727805676 (Universitätsverlag)$9(OLS)http://pul/number/110256 996 $6020$a3525537093 (Vandenhoeck & Ruprecht)$9(OLS)http://pul/number/110257 996 $6245$aDas hörende Herz :$bkleine Schriften zur Religions- und Geistesgeschichte Ägyptens$9(OLS)http://pul/title/108566 996 $6260$aFreiburg, Schweiz :$bUniversitätsverlag$9(OLS)http://pul/publisher/48308 996 $6260$aGöttingen :$bVandenhoeck & Ruprecht$9(OLS)http://pul/publisher/47973 LEADER 01663namaa2200373 i 4500 001 000000178491 003 CaOOAMICUS 005 20260213115643.0 007 tu 008 260213s1965 it b 000 u ita r 040 $aPUL$bita$erda 082 0 $a943 100 1 $aFischer, Fritz,$eautore.$0(OLS)http://pul/name/114857 240 10$aGriff nach der Weltmacht.$lItaliano.$0(OLS)http://pul/title/220084 245 10$aAssalto al potere mondiale :$bla Germania nella guerra 1914-1918 /$cFritz Fischer ; a cura di Enzo Collotti. 264 4$c©1965. 264 1$aTorino :$bEinaudi,$c[1965] 300 $aXIX, 866 pagine, 4 carte di tav. :$bcarte geografiche ;$a22 cm 336 $atesto$btxt$2rdacontent 337 $asenza mediazione$bn$2rdamedia 338 $avolume$bnc$2rdacarrier 490 1 $aBiblioteca di cultura storica ;$v85 504 $aBibliografia in nota a fine capitolo. 650 4$aGuerra mondiale, 1914-1918$zGermania.$0(OLS)http://pul/subject/40640 651 4$aGermania$xPolitica e governo$y1914-1918.$0(OLS)http://pul/subject/47126 830 0$aBiblioteca di cultura storica (Einaudi) ;$v85.$0(OLS)http://pul/title/1254 850 $aPUL 852 $aPUL$W1$xDP1 Fondo Liberati$y125$m5 D 3$j202315$qFondi$B207613$CPULBib$Z2$F207613 $HLib146 $82 941 1 $a1 996 $6082$a943$9(OLS)http://pul/classification/2598 996 $6245$aAssalto al potere mondiale :$bla Germania nella guerra 1914-1918$9(OLS)http://pul/title/220083 996 $6264$aTorino :$bEinaudi$9(OLS)http://pul/publisher/48130 996 $6264$a[S.l.] :$b[s.n.]$9(OLS)http://pul/publisher/0